[Event "16th Asian Games Rapid Women"]
[Site "Guangzhou CHN"]
[Date "2010.11.13"]
[Round "1"]
[White "Mir Mahmoud, Afamia"]
[Black "Hou, Yifan"]
[Result "0-1"]
[BlackTitle "GM"]
[WhiteElo "2010"]
[BlackElo "2591"]
[WhiteFideId "7600674"]
[BlackFideId "8602980"]
[EventDate "2010.11.13"]

1. d4 Nf6 2. Nf3 e6 3. c4 c5 4. d5 exd5 5. cxd5 d6 6. Nc3 g6 7. e4 a6 8. a4 Bg4
9. Be2 Bxf3 10. Bxf3 Bg7 11. O-O Nbd7 12. Bf4 Qe7 13. Re1 O-O 14. Qc2 Ne8 15.
Rad1 Nc7 16. Be2 Rab8 17. Qd2 b5 18. Bh6 Bxh6 19. Qxh6 bxa4 20. Nxa4 Rb4 21. Nc3
Rxb2 22. f4 Qf6 23. Rd3 Re8 24. Bg4 Nb6 25. e5 Qg7 26. Qh4 Nc4 27. Ne4 g5 28.
Nxg5 dxe5 29. Bf5 exf4 30. Rxe8+ Nxe8 31. Qxf4 Rb1+ 32. Kf2 Qb2+ 33. Kg3 Qb8 34.
Qxb8 Rxb8 35. Bxh7+ Kg7 36. Be4 Ned6 37. Bf3 a5 38. Ne4 Nxe4+ 39. Bxe4 Nd6 40.
Bf3 c4 41. Ra3 Rb5 42. Be2 Rb3+ 43. Rxb3 cxb3 44. Kf3 a4 45. Bd1 Nc4 46. Ke4 a3
47. Bxb3 Nd2+ 48. Kd3 Nxb3 49. Kc3 a2 0-1

[Event "16th Asian Games Rapid Women"]
[Site "Guangzhou CHN"]
[Date "2010.11.13"]
[Round "1"]
[White "Zhao, Xue"]
[Black "Ibrahim, Delbak Ismael"]
[Result "1-0"]
[WhiteTitle "GM"]
[BlackTitle "WIM"]
[WhiteElo "2474"]
[BlackElo "1929"]
[WhiteFideId "8601283"]
[BlackFideId "4803116"]
[EventDate "2010.11.13"]

1. d4 Nf6 2. c4 g6 3. Nc3 Bg7 4. e4 d6 5. Nf3 O-O 6. Be2 e5 7. Be3 Nc6 8. d5 Ne7
9. Nd2 Ne8 10. c5 f5 11. f3 f4 12. Bf2 Nf6 13. Nc4 g5 14. cxd6 cxd6 15. Nb5 Ne8
16. Nxa7 Bd7 17. Nb6 Rb8 18. Qb3 Nc8 19. Nbxc8 Bxc8 20. Qb6 Bf6 21. Rc1 Bd7 22.
Qxd8 Bxd8 23. Bb5 Rf7 24. Ke2 Bxb5+ 25. Nxb5 Rd7 26. h4 Kg7 27. hxg5 Bxg5 28.
Rc4 Ra8 29. a4 Bd8 30. Rhc1 Kg6 31. b3 Rb8 32. Ba7 Ra8 33. Rc8 Rxc8 34. Rxc8 Nf6
35. Bb8 Be7 36. b4 Kf7 37. a5 Ne8 38. Na3 Rd8 39. Rxd8 Bxd8 40. Nc4 Ke7 41. b5
Kd7 42. a6 bxa6 43. bxa6 Kc8 44. a7 Kb7 45. Nxd6+ Nxd6 46. Bxd6 Kxa7 47. Bxe5
Bg5 48. Bd6 Kb7 49. e5 Kc8 50. e6 Kd8 51. Kd3 1-0

[Event "16th Asian Games Rapid Women"]
[Site "Guangzhou CHN"]
[Date "2010.11.13"]
[Round "1"]
[White "Mohammed Qane, Jannar Worya"]
[Black "Tania, Sachdev"]
[Result "0-1"]
[WhiteTitle "WFM"]
[BlackTitle "IM"]
[WhiteElo "1901"]
[BlackElo "2385"]
[WhiteFideId "4802144"]
[BlackFideId "5007844"]
[EventDate "2010.11.13"]

1. d4 Nf6 2. c4 e6 3. g3 c5 4. Nf3 cxd4 5. Bg2 Qc7 6. Qxd4 Bc5 7. Qd3 Nc6 8. O-O
O-O 9. Nc3 a6 10. b3 b6 11. Bb2 Bb7 12. a3 Be7 13. Rad1 d6 14. e3 Rac8 15. Nd4
Ne5 16. Qe2 Bxg2 17. Kxg2 Qb7+ 18. Kg1 Rfd8 19. f4 Nc6 20. Nxc6 Rxc6 21. Qf3 b5
22. cxb5 axb5 23. Rc1 d5 24. Ne2 Ra6 25. Be5 Ne8 26. Qg4 f6 27. Bb2 Qb6 28. Bd4
Qb7 29. Bb2 f5 30. Qf3 Bxa3 31. Bxa3 Rxa3 32. Nd4 Ra6 33. Rc5 Rb6 34. Qe2 b4 35.
Rfc1 Qd7 36. Nc6 Ra8 37. Ne5 Qb7 38. Rc6 Rxc6 39. Rxc6 Qe7 40. Rb6 Nf6 41. Qd2
Qa7 42. Rxe6 Qa1+ 43. Kg2 Ra2 44. Qxa2 Qxa2+ 45. Kf1 h6 0-1

[Event "16th Asian Games Rapid Women"]
[Site "Guangzhou CHN"]
[Date "2010.11.13"]
[Round "1"]
[White "Sukandar, Irine Kharisma"]
[Black "Saleh, Nora Mohd"]
[Result "1-0"]
[WhiteTitle "WGM"]
[BlackTitle "WIM"]
[WhiteElo "2382"]
[BlackElo "1884"]
[WhiteFideId "7101937"]
[BlackFideId "9301607"]
[EventDate "2010.11.13"]

1. e4 c5 2. Nf3 a6 3. d4 cxd4 4. Nxd4 Nf6 5. Nc3 e5 6. Nb3 Bb4 7. Bd3 d5 8. exd5
e4 9. Be2 Nxd5 10. Bd2 Nxc3 11. bxc3 Be7 12. O-O Nc6 13. Be3 O-O 14. Nd4 Qc7 15.
Qd2 Bd6 16. h3 Ne5 17. Rfd1 Rd8 18. Kh1 Nc4 19. Bxc4 Qxc4 20. Bf4 Be7 21. Qe3 f5
22. Qg3 Bf6 23. Bg5 Qf7 24. Bxf6 Qxf6 25. Qc7 Re8 26. Rab1 Re7 27. Qd8+ Qf8 28.
Qa5 Qf7 29. c4 Be6 30. Rb6 Rf8 31. c5 g6 32. a3 Bc4 33. c6 bxc6 34. Nxc6 Rd7 35.
Rd2 Rxd2 36. Qxd2 Bb5 37. Ne5 Qe7 38. Qd5+ Kg7 39. Rb7 Qxb7 40. Qxb7+ Kg8 41.
Qd5+ Kg7 42. Qd6 Rf6 43. Qe7+ 1-0

[Event "16th Asian Games Rapid Women"]
[Site "Guangzhou CHN"]
[Date "2010.11.13"]
[Round "1"]
[White "Khamboo, Monalisa"]
[Black "Pourkashiyan, Atousa"]
[Result "0-1"]
[BlackTitle "WGM"]
[WhiteElo "1877"]
[BlackElo "2367"]
[WhiteFideId "12300080"]
[BlackFideId "12502014"]
[EventDate "2010.11.13"]

1. d4 Nf6 2. c4 e6 3. Nc3 Bb4 4. Qc2 O-O 5. Nf3 c5 6. dxc5 Bxc5 7. e3 Nc6 8. Bd3
Nb4 9. Qd1 d5 10. Qc2 Nc6 11. Qd1 Nb4 12. O-O b6 13. a3 Nxd3 14. Qxd3 Ba6 15.
Nb5 dxc4 16. Qxc4 Qd5 17. Qxd5 Nxd5 18. a4 Bxb5 19. axb5 Nc7 20. Bd2 Nxb5 21. b4
Be7 22. Rfe1 Rfd8 23. Rac1 h6 0-1

[Event "16th Asian Games Rapid Women"]
[Site "Guangzhou CHN"]
[Date "2010.11.13"]
[Round "1"]
[White "Muminova, Nafisa"]
[Black "Al-Zarouni, Kholoud Essa"]
[Result "1-0"]
[WhiteTitle "WIM"]
[BlackTitle "WFM"]
[WhiteElo "2360"]
[BlackElo "1864"]
[WhiteFideId "14201526"]
[BlackFideId "9301194"]
[EventDate "2010.11.13"]

1. e4 e5 2. Nf3 Nc6 3. Bb5 a6 4. Ba4 Nf6 5. O-O Be7 6. Re1 b5 7. Bb3 d6 8. c3
O-O 9. d4 Bg4 10. d5 Na5 11. Bc2 c6 12. h3 Bxf3 13. Qxf3 cxd5 14. exd5 Nc4 15.
Nd2 Nb6 16. Nf1 Nbxd5 17. Ng3 Re8 18. Nf5 Bf8 19. Bg5 Nc7 20. Nh6+ gxh6 21. Bxf6
Bg7 22. Bxd8 Raxd8 23. a4 d5 24. axb5 axb5 25. Ra7 e4 26. Qe2 Be5 27. Rd1 Rf8
28. Bb3 f5 29. Rxc7 Bxc7 30. Rxd5 1-0

[Event "16th Asian Games Rapid Women"]
[Site "Guangzhou CHN"]
[Date "2010.11.13"]
[Round "1"]
[White "Nur, Nabila Azman Hisham"]
[Black "Pham, Le Thao Nguyen"]
[Result "0-1"]
[WhiteTitle "WCM"]
[BlackTitle "WIM"]
[WhiteElo "1845"]
[BlackElo "2337"]
[WhiteFideId "5702135"]
[BlackFideId "12401226"]
[EventDate "2010.11.13"]

1. d4 d5 2. Nf3 c6 3. c4 Nf6 4. cxd5 cxd5 5. Nc3 Nc6 6. e3 a6 7. a3 Bg4 8. Be2
e6 9. O-O Bd6 10. b4 O-O 11. Bb2 Qe7 12. Rc1 Rac8 13. Nd2 Bxe2 14. Qxe2 a5 15.
b5 Nb8 16. a4 Nbd7 17. Nb3 Bb4 18. Na2 Nb6 19. Nxb4 Qxb4 20. Nc5 Nxa4 21. Nxa4
Qxa4 22. Ra1 Qc2 23. Qxc2 Rxc2 24. Ba3 Ra8 25. Bc5 Nd7 26. Rfc1 Rxc1+ 27. Rxc1
Rc8 28. Kf1 Nb6 29. Ke2 Nc4 30. Kd1 f6 31. Ra1 b6 32. Ba3 Kf7 33. Bc1 Ke7 34.
Ke2 Kd7 35. Kd3 Nd6 36. Rb1 Nc4 37. f3 Ra8 38. Ra1 Nd6 39. Rb1 a4 40. Ba3 Nc4
41. Ra1 Ra5 42. Bc1 a3 43. Ra2 Rxb5 44. Kc2 Kc6 45. Bxa3 Ra5 46. Kb3 Kb5 47. Bc1
Rxa2 48. Kxa2 Ka4 49. Ba3 Kb5 50. Bc1 Ka4 51. e4 b5 52. exd5 exd5 53. g3 Kb4 54.
f4 Kc3 55. g4 b4 56. g5 Kc2 0-1

[Event "16th Asian Games Rapid Women"]
[Site "Guangzhou CHN"]
[Date "2010.11.13"]
[Round "1"]
[White "Geldyeva, Mekhri"]
[Black "Uchida, Narumi"]
[Result "1-0"]
[WhiteTitle "WGM"]
[BlackTitle "WFM"]
[WhiteElo "2279"]
[BlackElo "1834"]
[WhiteFideId "14000059"]
[BlackFideId "7000677"]
[EventDate "2010.11.13"]

1. d4 d5 2. c4 e6 3. Nc3 Nf6 4. Bg5 Be7 5. e3 O-O 6. Nf3 h6 7. Bf4 c5 8. Rc1
cxd4 9. Nxd4 Nbd7 10. Ra1 Nb8 11. Rc1 Nbd7 12. Bg3 Nb6 13. cxd5 Nbxd5 14. Qb3
Qa5 15. Bd3 Nxc3 16. bxc3 b6 17. O-O Bb7 18. Bb5 Rac8 19. f3 a6 20. Be2 Nd5 21.
Bb5 Nf6 22. Be2 Nd5 23. c4 Nf6 24. Rb1 Bc5 25. Be1 Qa3 26. Qxa3 Bxa3 27. Rxb6
Rc7 28. Bg3 Rd7 29. Rfb1 Ba8 30. Rxa6 Bc5 31. Bf2 Rfd8 32. Ra5 Be7 33. Rab5 Bd6
34. a4 Bc7 35. Bg3 Bxg3 36. hxg3 Rd6 37. Rb8 e5 38. c5 Rd7 39. c6 1-0

[Event "16th Asian Games Rapid Women"]
[Site "Guangzhou CHN"]
[Date "2010.11.13"]
[Round "1"]
[White "Boshra, Alshaeby"]
[Black "Hoang, Thi Bao Tram"]
[Result "0-1"]
[BlackTitle "WGM"]
[WhiteElo "1807"]
[BlackElo "2271"]
[WhiteFideId "8102937"]
[BlackFideId "12401102"]
[EventDate "2010.11.13"]

1. d4 d5 2. c4 c6 3. Nf3 Nf6 4. e3 Bf5 5. Qb3 Qb6 6. Nc3 e6 7. Be2 Nbd7 8. O-O
h6 9. Rd1 Be7 10. Bd3 Bg4 11. cxd5 exd5 12. Qc2 O-O 13. e4 dxe4 14. Nxe4 Bxf3
15. Nxf6+ Bxf6 16. gxf3 Bxd4 17. Bf4 Nf6 18. Rab1 Rad8 19. Kg2 c5 20. Rg1 Nd5
21. Bd2 Qf6 22. Be4 Qh4 23. Kh1 Nf6 24. Bxb7 Rfe8 25. Bc3 Qf4 26. Rg3 Re7 27.
Bc6 Rd6 28. Bd2 Qh4 29. Bb5 Nh5 30. Rg4 Qf6 31. Kg2 Bxf2 32. Kxf2 Qe5 33. f4
Qd4+ 34. Kg2 Qxd2+ 35. Qxd2 Rxd2+ 36. Kh3 f5 37. Bc4+ Kh7 38. Rgg1 Re3+ 39. Kh4
Rxh2# 0-1

[Event "16th Asian Games Rapid Women"]
[Site "Guangzhou CHN"]
[Date "2010.11.13"]
[Round "1"]
[White "Dauletova, Gulmira"]
[Black "Al-Khelaifi, Salama"]
[Result "1-0"]
[WhiteTitle "WIM"]
[BlackTitle "WFM"]
[WhiteElo "2263"]
[BlackElo "1761"]
[WhiteFideId "13702971"]
[BlackFideId "12100048"]
[EventDate "2010.11.13"]

1. e4 c6 2. d4 d5 3. Nc3 dxe4 4. Nxe4 Nf6 5. Ng3 Nbd7 6. Nf3 e6 7. Bd3 c5 8. c3
b6 9. O-O Be7 10. Qe2 Bb7 11. Bg5 O-O 12. Rad1 h6 13. Bc1 Rc8 14. Ne5 cxd4 15.
cxd4 Nd5 16. a3 Bf6 17. Qe4 Re8 18. Nh5 Bxe5 19. dxe5 Nf8 20. Qg4 Ng6 21. Bxg6
fxg6 22. Qxg6 Qe7 23. Bxh6 Qf7 24. Qxg7+ Qxg7 25. Bxg7 Kf7 26. Bf6 Rg8 27. Ng3
Rc2 28. Rc1 Rxb2 29. Rfd1 Ra2 30. h4 Rxa3 31. h5 Ba8 32. Rd4 Ra2 33. h6 Kg6 34.
Rg4+ Kh7 35. Rd4 Kg6 36. Rg4+ Kh7 37. Rxg8 Kxg8 38. Rc8+ Kh7 39. Rxa8 Kxh6 40.
Ne4 Kg6 41. Rg8+ Kf5 42. Nd6+ Kf4 43. Rf8 a5 44. Rh8 Ne3 45. fxe3+ Kxe3 46. Rh3+
Kd4 47. Rb3 a4 48. Rxb6 a3 49. Ra6 Ra1+ 50. Kh2 a2 51. Nb5+ Kc4 52. Nc7 Kb3 53.
Rb6+ Kc2 54. Rc6+ Kb2 55. Rb6+ Kc2 56. Ra6 Kb2 57. Nxe6 Re1 58. Nc5 a1=Q 59. e6+
Re5 60. Bxe5+ Kc2 61. Rxa1 Kd2 62. e7 Ke3 63. e8=Q Kd2 64. Qd7+ Ke2 65. Qd3+ Kf2
66. Qf3# 1-0

[Event "16th Asian Games Rapid Women"]
[Site "Guangzhou CHN"]
[Date "2010.11.13"]
[Round "1"]
[White "Byun, Sungwon"]
[Black "Paridar, Shadi"]
[Result "0-1"]
[WhiteTitle "WCM"]
[BlackTitle "WGM"]
[WhiteElo "1612"]
[BlackElo "2253"]
[WhiteFideId "13200852"]
[BlackFideId "12500666"]
[EventDate "2010.11.13"]

1. e4 c5 2. Nf3 Nc6 3. d4 cxd4 4. Nxd4 Qc7 5. Nc3 e6 6. Be3 a6 7. Qd2 Nf6 8. f3
Bb4 9. a3 Be7 10. Bc4 b5 11. Bb3 Bb7 12. a4 b4 13. Nce2 Na5 14. Qd3 O-O 15. c3
d5 16. e5 Qxe5 17. Bc2 Qc7 18. b3 bxc3 19. Nxc3 Bb4 20. Ne2 Rac8 21. Bd2 d4 22.
Qxd4 Be7 23. Rb1 Nc6 24. Qe3 Nb4 25. Rc1 Nxc2+ 26. Rxc2 Rfd8 27. Rc1 Qd7 28. Rd1
Qc6 29. Rc1 Bc5 30. Qf4 Qb6 31. Rb1 Bf2+ 32. Kf1 e5 33. Qg5 h6 34. Qxe5 Rxd2 35.
Rd1 Rxd1+ 36. Nxd1 Bc5 37. Qb2 Rd8 38. Qb1 Nd5 39. h3 Ne3+ 40. Nxe3 Bxe3 41. Qc2 0-1

[Event "16th Asian Games Rapid Women"]
[Site "Guangzhou CHN"]
[Date "2010.11.13"]
[Round "1"]
[White "Nakhbayeva, Guliskhan"]
[Black "Kim, Hyoyoung"]
[Result "1-0"]
[WhiteTitle "WIM"]
[WhiteElo "2209"]
[BlackElo "1355"]
[WhiteFideId "13704788"]
[BlackFideId "13200585"]
[EventDate "2010.11.13"]

1. d4 d5 2. c4 e6 3. Nc3 Be7 4. cxd5 exd5 5. Bf4 c6 6. e3 Bf5 7. Nge2 Qb6 8. Qd2
Nf6 9. Ng3 Ne4 10. Ngxe4 dxe4 11. Bc4 Nd7 12. O-O Nf6 13. a3 a6 14. b4 O-O 15.
Qc2 Qd8 16. f3 b5 17. Bb3 a5 18. fxe4 Bg6 19. Rab1 Qd7 20. Ba2 Rfe8 21. Rb2 Bd6
22. Bxd6 Qxd6 23. Rf4 Qe7 24. Qf2 Rf8 25. e5 Nh5 26. Rf3 axb4 27. axb4 Ra3 28.
e4 Kh8 29. h3 Ra7 30. g4 1-0

[Event "16th Asian Games Rapid Women"]
[Site "Guangzhou CHN"]
[Date "2010.11.13"]
[Round "2"]
[White "Hou, Yifan"]
[Black "Tuvshintugs, Batchimeg"]
[Result "1-0"]
[WhiteTitle "GM"]
[BlackTitle "WGM"]
[WhiteElo "2591"]
[BlackElo "2327"]
[WhiteFideId "8602980"]
[BlackFideId "4900839"]
[EventDate "2010.11.13"]

1. e4 e5 2. Nf3 Nc6 3. Bb5 a6 4. Ba4 Nf6 5. Bb5 Ng8 6. Ba4 Nf6 7. O-O Be7 8. Re1
b5 9. Bb3 d6 10. c3 O-O 11. h3 Nb8 12. d4 Nbd7 13. c4 b4 14. Nbd2 Bb7 15. Bc2
Re8 16. Nf1 Bf8 17. Ng3 g6 18. Bg5 h6 19. Bd2 c5 20. dxe5 dxe5 21. h4 Nb6 22.
Qe2 Bc8 23. Rad1 Qc7 24. Nh2 Be6 25. b3 h5 26. Nhf1 Bg4 27. f3 Be6 28. Ne3 Rad8
29. Qf2 Nc8 30. Ne2 Ne7 31. Nd5 Nfxd5 32. cxd5 Bc8 33. Be3 Bb7 34. Bd3 Nc8 35.
Rc1 Qa5 36. Ng3 Be7 37. Nf1 Na7 38. Bxc5 Bxc5 39. Rxc5 Qb6 40. Rec1 Rc8 41. Rc7
Qxf2+ 42. Kxf2 Rb8 43. Ne3 Kf8 44. R1c5 Nc8 45. Nc4 Rd8 46. Nxe5 Nd6 47. Nd7+ 1-0

[Event "16th Asian Games Rapid Women"]
[Site "Guangzhou CHN"]
[Date "2010.11.13"]
[Round "2"]
[White "Hoang, Thi Bao Tram"]
[Black "Harika, Dronavalli"]
[Result "1-0"]
[WhiteTitle "WGM"]
[BlackTitle "IM"]
[WhiteElo "2271"]
[BlackElo "2525"]
[WhiteFideId "12401102"]
[BlackFideId "5015197"]
[EventDate "2010.11.13"]

1. d4 g6 2. e4 Bg7 3. Nc3 c6 4. Be3 d6 5. h3 b5 6. Nf3 a6 7. Bd3 Nd7 8. O-O e5
9. a4 Bb7 10. axb5 cxb5 11. Re1 Ne7 12. Qd2 O-O 13. dxe5 Nxe5 14. Nxe5 dxe5 15.
Rad1 Qc7 16. f3 Rac8 17. Qf2 Bc6 18. Nb1 Qb7 19. Nd2 f5 20. Bc5 Rf7 21. c3 Kh8
22. Bc2 Bf6 23. b4 Rg7 24. Nb3 fxe4 25. fxe4 Ng8 26. Na5 Qa8 27. Qg3 Rd7 28.
Rxd7 Bxd7 29. Bb3 Re8 30. Bf7 Rd8 31. Rf1 Qxe4 32. Bxg8 Bh4 33. Bd5 Qxd5 34.
Qxh4 Bf5 35. Qf6+ Kg8 36. Nc6 1-0

[Event "16th Asian Games Rapid Women"]
[Site "Guangzhou CHN"]
[Date "2010.11.13"]
[Round "2"]
[White "Paridar, Shadi"]
[Black "Zhao, Xue"]
[Result "0-1"]
[WhiteTitle "WGM"]
[BlackTitle "GM"]
[WhiteElo "2253"]
[BlackElo "2474"]
[WhiteFideId "12500666"]
[BlackFideId "8601283"]
[EventDate "2010.11.13"]

1. Nf3 e5 2. e4 Nc6 3. Bb5 Nge7 4. c3 a6 5. Ba4 g6 6. d4 exd4 7. cxd4 b5 8. Bb3
Bg7 9. O-O O-O 10. Nc3 d6 11. h3 Na5 12. Bc2 c5 13. Bg5 h6 14. Bf4 Nc4 15. Rb1
Nc6 16. dxc5 dxc5 17. Nd5 Bb7 18. Qc1 g5 19. Bh2 Nb4 20. Nxb4 cxb4 21. Qe1 Qe7
22. Nd2 Rfe8 23. Nxc4 bxc4 24. f4 Bxe4 25. Bxe4 Qxe4 26. Qxb4 Rab8 27. Qa4 Bxb2
28. Kh1 g4 29. hxg4 c3 30. Qxe4 Rxe4 31. f5 Rc8 32. Rbe1 Rxe1 33. Rxe1 c2 34.
Bf4 c1=Q 35. Bxc1 Bxc1 36. Kg1 Kg7 37. Kf2 Rc4 38. Kf3 Bg5 39. Re2 Rc3+ 40. Ke4
Rg3 41. Kd5 Rxg4 42. Kc5 Ra4 43. Kd6 Kf6 44. Rf2 Bh4 0-1

[Event "16th Asian Games Rapid Women"]
[Site "Guangzhou CHN"]
[Date "2010.11.13"]
[Round "2"]
[White "Tania, Sachdev"]
[Black "Dauletova, Gulmira"]
[Result "1-0"]
[WhiteTitle "IM"]
[BlackTitle "WIM"]
[WhiteElo "2385"]
[BlackElo "2263"]
[WhiteFideId "5007844"]
[BlackFideId "13702971"]
[EventDate "2010.11.13"]

1. d4 Nf6 2. c4 g6 3. Nc3 Bg7 4. e4 d6 5. f3 O-O 6. Nge2 c5 7. d5 e6 8. Ng3 exd5
9. cxd5 a6 10. a4 Nbd7 11. Be2 h5 12. O-O h4 13. Nh1 Nh7 14. Be3 f5 15. Qd2 Ne5
16. h3 Qe7 17. Rae1 Bd7 18. Nf2 Rab8 19. Nh1 Ra8 20. Nf2 Rab8 21. f4 Nf7 22. Bd3
Qd8 23. Qc2 Qc8 24. Nb1 b5 25. axb5 axb5 26. Nd2 c4 27. Be2 Nf6 28. Bd4 Nh6 29.
Bf3 fxe4 30. Ndxe4 Bf5 31. Qd2 Qd7 32. Ng5 Bd3 33. Nxd3 cxd3 34. Ne6 Nf5 35.
Nxf8 Rxf8 36. Bf2 Nh5 37. Bxh5 gxh5 38. Qxd3 Bxb2 39. Qe2 Qg7 40. Qxh5 Bd4 41.
Qg4 b4 42. Bxd4 Qxg4 43. hxg4 Nxd4 44. Re4 Nc2 45. Rb1 Rb8 46. Rc4 Ne3 47. Rcxb4
Rf8 48. Rb8 Nxd5 49. Rxf8+ Kxf8 50. Rd1 Nxf4 51. Rf1 1-0

[Event "16th Asian Games Rapid Women"]
[Site "Guangzhou CHN"]
[Date "2010.11.13"]
[Round "2"]
[White "Shamima, Akter Liza"]
[Black "Sukandar, Irine Kharisma"]
[Result "0-1"]
[WhiteTitle "WFM"]
[BlackTitle "WGM"]
[WhiteElo "2161"]
[BlackElo "2382"]
[WhiteFideId "10202587"]
[BlackFideId "7101937"]
[EventDate "2010.11.13"]

1. d4 Nf6 2. c4 e6 3. Nc3 Bb4 4. Qc2 b6 5. Bg5 Bb7 6. f3 d5 7. cxd5 exd5 8. e3
O-O 9. a3 Be7 10. Bd3 h6 11. Bh4 c5 12. dxc5 Bxc5 13. e4 Nbd7 14. exd5 Re8+ 15.
Nge2 Rc8 16. Bf5 g5 17. Bf2 Nxd5 18. Rd1 Bxf2+ 19. Kxf2 Qe7 20. Qd3 Nc5 21. Qd4
Rcd8 22. Rhe1 Ne3 23. Ng3 0-1

[Event "16th Asian Games Rapid Women"]
[Site "Guangzhou CHN"]
[Date "2010.11.13"]
[Round "2"]
[White "Pham, Le Thao Nguyen"]
[Black "Nodirjanova, Nodira"]
[Result "1-0"]
[WhiteTitle "WIM"]
[WhiteElo "2337"]
[BlackElo "2149"]
[WhiteFideId "12401226"]
[BlackFideId "14201232"]
[EventDate "2010.11.13"]

1. d4 d5 2. Bf4 Nf6 3. e3 c5 4. c3 e6 5. Nd2 Nc6 6. Ngf3 Be7 7. Bd3 O-O 8. Ne5
Bd6 9. Bg3 Qc7 10. f4 Nd7 11. O-O f5 12. Kh1 Nf6 13. Kg1 Nd7 14. Kh1 Nf6 15. Bh4
Ne4 16. Ndf3 b6 17. Qe2 a5 18. Rg1 Bd7 1-0

[Event "16th Asian Games Rapid Women"]
[Site "Guangzhou CHN"]
[Date "2010.11.13"]
[Round "2"]
[White "Hallaeva, Bahar"]
[Black "Nur, Nabila Azman Hisham"]
[Result "1-0"]
[WhiteTitle "WFM"]
[BlackTitle "WCM"]
[WhiteElo "2184"]
[BlackElo "1845"]
[WhiteFideId "14000679"]
[BlackFideId "5702135"]
[EventDate "2010.11.13"]

1. e4 c5 2. c3 d5 3. exd5 Qxd5 4. d4 Nf6 5. Nf3 Bg4 6. Be2 cxd4 7. cxd4 e6 8.
Nc3 Bb4 9. O-O Bxc3 10. bxc3 O-O 11. c4 Qa5 12. Qb3 Qc7 13. Rb1 b6 14. Ba3 Rd8
15. d5 exd5 16. cxd5 Nxd5 17. Rbc1 Qb7 18. Rfd1 Be6 19. Ng5 Na6 20. Qd3 g6 21.
Qxa6 Qxa6 22. Bxa6 h6 23. Nxe6 fxe6 24. g3 Rab8 25. Rc6 Kf7 26. Re1 b5 27. Bd6
Rb6 28. Rxb6 axb6 29. Be5 Ra8 30. Bxb5 Rxa2 31. Bc4 Ra5 32. Rb1 Ne7 33. Bd6 Nc8
34. Bb4 Re5 35. Ba6 Na7 36. Bd6 Rd5 37. Bb8 Nc6 38. Rxb6 Nxb8 39. Rxb8 Ra5 40.
Bc4 Ra1+ 41. Kg2 Rc1 42. Rb7+ Kf6 43. Rc7 Rc3 44. Rc6 Kg7 45. Bd5 Ra3 46. Rxe6
Ra7 47. Be4 1-0

[Event "16th Asian Games Rapid Women"]
[Site "Guangzhou CHN"]
[Date "2010.11.13"]
[Round "2"]
[White "Al-Khelaifi, Salama"]
[Black "Bakri, Alia Anin Azwa"]
[Result "0-1"]
[WhiteTitle "WFM"]
[BlackTitle "WFM"]
[WhiteElo "1761"]
[BlackElo "1953"]
[WhiteFideId "12100048"]
[BlackFideId "5702712"]
[EventDate "2010.11.13"]

1. d4 d5 2. Nc3 Nf6 3. Bg5 e6 4. e4 Be7 5. Bxf6 Bxf6 6. Nf3 O-O 7. Bd3 dxe4 8.
Nxe4 Bxd4 9. Neg5 g6 10. Nxh7 Bxf2+ 11. Kxf2 Kxh7 12. h4 Kg7 13. h5 Nc6 14. Qd2
Rh8 15. h6+ Kg8 16. h7+ Rxh7 17. Rxh7 Kxh7 18. Rh1+ Kg8 19. Qh6 Qf6 20. b3 b6
21. Qh7+ Kf8 22. Qh8+ Qxh8 23. Rxh8+ Kg7 24. Rh4 Bb7 25. Rc4 Rc8 26. a3 Na5 27.
Rd4 c5 28. Rd7 Bxf3 29. gxf3 Nc6 30. Be4 Nd4 31. Rxa7 Rb8 32. Bd3 Nc6 33. Rc7
Nd4 34. Bc4 Kf6 35. a4 Nxc2 36. Rc6 Nb4 37. Rc7 Nd5 38. Rd7 Nb4 39. Rc7 Rd8 40.
Rb7 Rd6 41. Ke2 Nd5 42. Kf2 Ne7 43. f4 Nf5 44. Kf3 Nh6 45. Ra7 g5 46. fxg5+ Kxg5
47. Ra6 Nf5 48. a5 bxa5 49. Rxa5 Rc6 50. Ra7 Nd6 51. Bd3 f5 52. Re7 Kf6 53. Rh7
Nf7 54. Bc4 Ng5+ 0-1

[Event "16th Asian Games Rapid Women"]
[Site "Guangzhou CHN"]
[Date "2010.11.13"]
[Round "2"]
[White "Ibrahim, Delbak Ismael"]
[Black "Boshra, Alshaeby"]
[Result "1-0"]
[WhiteTitle "WIM"]
[WhiteElo "1929"]
[BlackElo "1807"]
[WhiteFideId "4803116"]
[BlackFideId "8102937"]
[EventDate "2010.11.13"]

1. e4 c5 2. Nc3 Nc6 3. f4 e6 4. Nf3 d5 5. Bb5 d4 6. Bxc6+ bxc6 7. Nb1 Nf6 8. d3
Be7 9. O-O Ba6 10. b3 Qc7 11. Na3 O-O 12. Ne5 Bb5 13. Nac4 a5 14. a4 Bxc4 15.
Nxc4 Rfe8 16. Bd2 Bd8 17. Qe1 Qe7 18. Qd1 Qc7 19. Qe1 Qe7 20. Bxa5 Bxa5 21. Nxa5
Ng4 22. Nc4 Nf6 23. Qd2 Qc7 24. Rf3 Nd7 25. Raf1 f6 26. f5 Ne5 27. Nxe5 Qxe5 28.
fxe6 Qxe6 29. Rf5 c4 30. Rb1 cxb3 31. cxb3 Reb8 32. Qc2 Rb6 33. Rc5 Rab8 34. Rc4
Qd6 35. a5 Ra6 36. b4 Rb5 37. Qb2 Raxa5 38. Rxd4 Qb8 39. Qb3+ Kh8 40. Qc4 Qb6
41. Rc1 Ra8 42. Kf1 Rc8 43. Ke2 f5 44. Rf1 fxe4 45. Rxe4 Rg5 46. g3 Rh5 47. h4
Ra8 48. Qf7 g6 49. Re8+ Rxe8+ 50. Qxe8+ Kg7 51. Rf7+ Kh6 1-0

[Event "16th Asian Games Rapid Women"]
[Site "Guangzhou CHN"]
[Date "2010.11.13"]
[Round "2"]
[White "Kim, Hyoyoung"]
[Black "Mohammed Qane, Jannar Worya"]
[Result "0-1"]
[BlackTitle "WFM"]
[WhiteElo "1355"]
[BlackElo "1901"]
[WhiteFideId "13200585"]
[BlackFideId "4802144"]
[EventDate "2010.11.13"]

1. e4 d5 2. exd5 Qxd5 3. Nc3 Qa5 4. d4 Bf5 5. Nf3 Nf6 6. Bd2 c6 7. Bc4 e6 8. Ne4
Qd8 9. Ng3 Bg6 10. O-O Bd6 11. Ne5 Nbd7 12. Bf4 Qc7 13. Re1 O-O-O 14. Qe2 Nb6
15. a4 Nbd5 16. Bg5 Rde8 17. c3 Nd7 18. Nxd7 Qxd7 19. a5 h6 20. Bd2 Bf4 21. a6
Bxd2 22. axb7+ Qxb7 23. Qxd2 Kc7 24. Ra3 Nb6 25. Qf4+ Kd7 26. Rea1 Ra8 27. Bb3
Rhc8 28. Ne4 Qc7 29. Nc5+ Ke8 30. Qf3 Nd5 31. Re1 Qd6 32. Re5 Rc7 33. h3 Re7 34.
Qg3 Rd8 35. Ra6 Nb6 36. Ra1 Nd7 37. Nxd7 Rdxd7 38. Ra6 Rb7 39. Ra3 Qb8 40. c4
Kf8 41. Re3 Qxg3 42. Rxg3 Red7 43. Rg4 Bf5 44. Rf4 g5 45. Rf3 Rxd4 46. g4 Bg6
47. Re3 Rd2 48. Ra2 Bb1 49. Ra1 Rxb2 50. Ra3 Bc2 51. Bxc2 Rxc2 52. Re1 Rxc4 53.
Rea1 Rcb4 54. Rxa7 Rxa7 55. Rxa7 Rb1+ 56. Kg2 c5 57. Rc7 Rc1 58. Kf3 c4 59. Ke2
Rc2+ 60. Kf1 c3 61. Rc8+ Ke7 62. Rc7+ Kf6 63. f3 Rh2 64. Rxc3 Rxh3 65. Kg2 Rh4
66. Re3 h5 67. Re4 hxg4 68. Rxg4 Rxg4+ 69. fxg4 e5 70. Kf3 Ke6 71. Ke4 f6 72.
Kf3 f5 73. Kg3 fxg4 74. Kxg4 Kd5 75. Kf3 e4+ 76. Ke3 Ke5 77. Kf2 Kf4 78. Ke2 0-1